Taylor Swift - You belong with me (All Lyrics) - Statistiques

Statistiques générales
  • Ce quiz a été pris 479 fois
  • Le résultat moyen est 298 sur 398
Statistiques - réponses
Réponse % Correct
You
99%
You?
99%
With
98%
A
97%
I
97%
The
97%
She
96%
Me,
95%
Me
95%
Me?
95%
On
95%
Your
95%
Be
94%
I’m
93%
Belong
92%
That
92%
That?
92%
Wear
92%
And
91%
Girl
91%
She’s
91%
Up
91%
You’re
91%
Phone
90%
Do
89%
Girlfriend,
89%
So
88%
Upset
87%
Captain
86%
In
86%
Like
86%
Cheer
85%
About
84%
To
83%
Doesn’t
82%
My
82%
Said
82%
Short
82%
Who
82%
It
80%
Night
80%
Of
80%
See
80%
See?
80%
Something
80%
Can
78%
Room,
78%
It’s
77%
One
77%
Tuesday
77%
Wears
77%
By
76%
Day
76%
Skirts,
76%
Typical
76%
When
76%
For
75%
Here
75%
Time
75%
Time,
75%
Bleachers
74%
Looking
74%
Music
74%
All
73%
Been
73%
‘Bout
73%
Can’t
73%
Going
73%
Listening
73%
Know
72%
Know,
72%
Wake
72%
What
72%
Get
71%
Kind
71%
Dreaming
70%
Humor
70%
T-shirts
70%
Why
70%
Has
68%
Whole
68%
Find
67%
Never
65%
Understands
63%
Along,
62%
‘Cause
62%
Story
62%
Could
57%
If
56%
Off
56%
This
56%
Is
55%
She’ll
55%
High
54%
Sneackers
53%
Heels,
52%
Think
48%
Have
43%
Jeans
42%
Smile
41%
Got
40%
How
40%
Thinking
39%
Light
38%
Town
37%
Easy? »
36%
You’ve
35%
Laugh
34%
Myself
34%
Not
33%
Where
33%
Baby?
32%
Down
32%
Isn’t
32%
Walk
32%
While
32%
Streets
31%
Brought
29%
Cry
29%
Haven’t
29%
Seen
29%
Since
29%
Doing
28%
Middle
28%
Oh,
28%
Better
27%
Bench
26%
Dreams
26%
« Hey,
26%
Hey,
26%
House
26%
Worn-out
26%
At
25%
Door
25%
Tell
25%
Than
25%
Back
24%
Driving
23%
Favorite
23%
Makes
23%
Songs
23%
Help
22%
Say
22%
Remember
21%
Standing
21%
Park
20%
Waiting
20%
Ever
19%
Just
18%
Ought
18%
Fine
17%
Laughing
17%
Maybe,
15%
Thought
12%
Sow
1%
Aucun quiz correspondant
Distribution des résultats
% des personnes avec chaque résultat
Percentile par nombre de réponses
Votre historique - résultats
Vous n’avez pas pris ce quiz